Prosas [de Justo Sierra Méndez] /

Guardado en:
Bibliografiske detaljer
Hovedforfatter: Sierra Méndez, Justo (autor)
Andre forfattere: Caso, Antonio (prólogo y selección) (prólogo y selección)
Format: Bog
Sprog:spansk
Udgivet: México : UNAM, 1939
Serier:(Biblioteca del Estudiante Universitario ; 10)
Fag:
Tags: Tilføj Tag
Ingen Tags, Vær først til at tagge denne postø!

MARC

LEADER 00000nam^a2200000^a^4500
001 000450676
005 20250526000000.0
009 20260526145416.795
037 |a Acervo ITESO - Biblioteca 
041 |a ESP 
082 |a 868.  |b SIE 
100 |a Sierra Méndez, Justo  |e (autor) 
245 1 0 |a Prosas [de Justo Sierra Méndez] /  |c J. Sierra Méndez ; pról. y selec. de A. Caso. 
264 1 |a México :  |b UNAM,  |c 1939 
300 |a XX, 218 p. ;  |c 20.0 cm. 
336 |a texto  |b txt  |2 rdacontenido 
337 |a sin mediación  |b n  |2 rdamedio 
338 |a volumen  |b nc  |2 rdasoporte 
440 1 |a (Biblioteca del Estudiante Universitario ;  |v 10) 
545 0 |a Justo Sierra Méndez (1848-1912), maestro, jurista, político y escritor mexicano, nacido en la ciudad de Campeche. Hijo de Justo Sierra O'Reilly, inició el periodismo literario en la Península de Yucatán. Aunque colaborador cercano de Porfirio Díaz, supo conciliar la amistad mutua sin renunciar al liberalismo y a su preocupación por la educación, que le llevó a promover y conseguir la fundación de la Universidad Nacional de México en 1910. Es autor de una obra muy rica y abundante que literariamente bebe de la estética romántica y abarca géneros diversos (narrativa, poesía, oratoria, ensayo, etc.), publicando muchos de sus títulos por entregas en los periódicos y revistas de la época. Entre ellos resaltan: Cuentos románticos; El ángel del porvenir (novela); Piedad (drama); libros de viajes En tierra yankee; y los ensayos históricos Evolución política del pueblo mexicano (1910) y Juárez, su obra y su tiempo. Murió en Madrid mientras se desempeñaba como ministro plenipotenciario del gobierno de Madero. 
649 |a XX 
650 |a Escritores Mexicanos -  |x Discursos 
650 |a Cuentos Mexicanos 
650 |a Ensayos Mexicanos 
650 |a Cartas Mexicanas 
650 |a Literatura Mexicana -  |y Siglo XIX 
600 |a Sierra Méndez, Justo 
700 |a Caso, Antonio  |e (prólogo y selección) 
910 |a Fondo Alfonso de Alba Martín 
920 |a Impresos - Libros 
930 |a Libros Antiguos y Raros 
940 |a Literatura 
905 |a 125 
901 |a 0500382346  |b IT2  |c LRA  |i D99011  |u 20250526 
902 |a https://opac.biblio.iteso.mx/vufind/Record/000450676